000 01138nam1a22002291i 4500
001 rc\3349717
005 20260407111719.0
035 _a(NLR Aleph) 007521000
090 _a7725223
_c7725223
100 _a20130115d1974 |||y0rusy50 ca
101 0 _arus
102 _aRU
105 _a z |||||
200 1 _aТиповые нормы и расценки на земляные, культуртехнические и эксплуатационные работы
_fМ-во мелиорации и водного хоз-ва СССР. Центр. нормат.-исслед. бюро
210 _aМосква
_cБ. и.
_d1974
606 _aМелиоративные работы
_jНормы и расценки
_2psbo
606 _aЗемляные работы
_jНормы и расценки
_2psbo
712 0 1 _aРСФСР
_bМинистерство мелиорации и водного хозяйства
_bЦентральное нормативно-исследовательское бюро
_9629037
_3RU\NLR\AUTH\8810063711
801 0 _aRU
_bNLR
_gpsbo
801 1 _aRU
_bELAR
_2rusmarc
852 _aNLR
_jПт 80.1/627
942 _cBOOK